Abbahall Ltd v Smee (Record no. 71974)
[ view plain ]
| 000 -LEADER | |
|---|---|
| fixed length control field | 01700cam a2200193 4500 |
| 001 - CONTROL NUMBER | |
| control field | ##ABS66365 |
| 008 - FIXED-LENGTH DATA ELEMENTS--GENERAL INFORMATION | |
| fixed length control field | 030127n2003 000 0 eng u |
| 035 ## - SYSTEM CONTROL NUMBER | |
| System control number | (Sirsi) u121129 |
| 041 0# - LANGUAGE CODE | |
| Language code of text/sound track or separate title | eng |
| 245 00 - TITLE STATEMENT | |
| Title | Abbahall Ltd v Smee |
| 260 ## - PUBLICATION, DISTRIBUTION, ETC. | |
| Date of publication, distribution, etc. | 2003 |
| 490 #0 - SERIES STATEMENT | |
| Series statement | Weekly Law Reports |
| Volume/sequential designation | [2002] 1 WLR 1472-1488(17) |
| 520 ## - SUMMARY, ETC. | |
| Summary, etc. | [2002] EWCA Civil 1831, 19 December 2002. Appellant (A) owned the freehold of the ground floor of a property, of which respondent (S) owned the flying freehold of the upper floors. S had neglected to maintain her property to the extent that water leaked through the roof rendering masonry dangerous to occupants and passers-by. As no regulatory covenants existed between the parties, A obtained an injunctive order to gain access to S's property to carry out repairs. The order did not establish who was to bear the costs. A commenced proceedings in the County Court to recover costs from S on the grounds that S owed it a duty of care that entitled it to recover costs. County Court found for A but took into account S's financial means and apportioned cost payments at three quarters (A) and one quarter (S), which A appealed. "Held" appeal allowed. S accepted that she owed a duty of care to A and had a duty to make an appropriate contribution to the cost of the works as it was reasonable and just that the repair costs should be shared by both parties according to the proportion of the benefit that they receive. In this case each party should pay half the costs. |
| 590 ## - LOCAL NOTE (RLIN) | |
| Local note | ABS |
| 650 24 - SUBJECT ADDED ENTRY--TOPICAL TERM | |
| Topical term or geographic name entry element | DELAWARE MANSIONS LTD V WESTMINSTER LBC |
| 650 24 - SUBJECT ADDED ENTRY--TOPICAL TERM | |
| Topical term or geographic name entry element | ABBAHALL LTD V SMEE |
| 690 ## - LOCAL SUBJECT ADDED ENTRY--TOPICAL TERM (OCLC, RLIN) | |
| Topical term or geographic name as entry element | PROPERTY-LEASEHOLD PROPERTY-LANDLORD AND TENANT-DILAPIDATIONS |
| 942 ## - ADDED ENTRY ELEMENTS (KOHA) | |
| Suppress in OPAC | 0 |
| Withdrawn status | Lost status | Source of classification or shelving scheme | Damaged status | Not for loan | Home library | Current library | Shelving location | Date acquired | Total Checkouts | Full call number | Barcode | Date last seen | Copy number | Price effective from | Koha item type |
|---|---|---|---|---|---|---|---|---|---|---|---|---|---|---|---|
| Dewey Decimal Classification | London | London | Journal article | 27/01/2003 | ABS66365 | 121129-1001 | 06/08/2019 | 1 | 06/08/2019 | Law report |